Brawl Stars - voiceline quiz - Statistics

General Stats
  • This quiz has been taken 22 times
  • The average score is 26 of 94
Answer Stats
Hint Answer % Correct
Money money money! Money money money! Griff
78%
Bear! Nita
78%
Sorry noob... Colt
67%
For pain and for glory! El Primo
61%
Seriously? $%@& this! Jacky
61%
Drums of doom go boom boom boom! Lumi
61%
Home run! Bibi
56%
Can I kick it? Fang
56%
Fly me to the moon. Janet
56%
You've been served. Barley
50%
Ooh, I was lagging. Brock
50%
It's all about boats and booty. Darryl
50%
Winning! Shelly
50%
Let's go explore! Bea
44%
Aww... did you burn yourself? Belle
44%
Not to blow my own whistle, but I'm awesome. Buzz
44%
Lol. Edgar
44%
Sashay, away! Angelo
39%
Rainbows and mayhem! Berry
39%
Chaaarge! Bull
39%
Will you learn? Highly doubtful... Carl
39%
You are so bad. Oh my God! Emz
39%
I'll sh-sh-show you crazy! Stu
39%
Found the fire exit? Amber
33%
Surprise! Chester
33%
Hey, you clipped me. Crow
33%
I am not in my own plate. Grom
33%
Broken beyond repair. Jessie
33%
Time to steal the show! Lola
33%
Hmm! There must be a glitch! Meg
33%
I'm number one, baby! Top of the world! Mico
33%
A little bit ooh, a little bit ahh. Moe
33%
I've got the recipe for destruction! Pearl
33%
Mind your manners! Piper
33%
Musical mayhem. Poco
33%
Programming error. Sprout
33%
Ugh, romance? Not a chance. Willow
33%
G'day, ya bogan beauties! Alli
28%
Flame wa-a-ar! Draco
28%
Birds are singing. Dynamike
28%
Hehiha hebwawahuha! Gene
28%
Left, right, left, right, I'm the one who won the fight! Hank
28%
Come on, let's get physical. Physical. Kit
28%
Boom! That's how it's done! Maisie
28%
I do not come in peace. Rico
28%
Ready for composting. Rosa
28%
Weee, I'm losing my mind! R-T
28%
Delta team! Requesting backup! Ruffs
28%
Playtime's over, kids. Sam
28%
Take it easy bro. Surge
28%
You win! 8-Bit
22%
Get off me ya wee rascal. Ash
22%
Let your spirits soar. Bo
22%
Yippee! Bonnie
22%
Enjoy the show! Buster
22%
Pa-the-tic! Byron
22%
Hush, little baby! Charlie
22%
Arrivederci! Chuck
22%
I still love you. Colette
22%
I will haunt you! Gus
22%
Suck on that. Mandy
22%
Time to fix this mess. Pam
22%
*Metal engine noises* Tick
22%
How adorbs! Eve
17%
I'm meow-tta here. Finx
17%
What does this button do? Gale
17%
Your luck just ran dry, honey. Juju
17%
No mercy, no survivors. Kaze
17%
Gee willikers! Lou
17%
I believe you got owned. Mortis
17%
*gurgling* Otis
17%
Ooo! Shade
17%
I'm the terror of the tides! Clancy
11%
I'm winning? I thought I was hallucinating. Cordelius
11%
Play nice, everyone. Larry & Lawrie
11%
Ha, see ya! Leon
11%
Sorry, didn't see ya there. Max
11%
I'm glitter, I'm gold, I'm a legend to behold. Melodie
11%
Mirror, mirror, who's the drama? Ziggy
11%
Stay chill bro. Doug
6%
*happy growls* Frank
6%
I'll try to make it painless, but no promises! Gigi
6%
Ride the rhythm of your heart! Jae-Yong
6%
I fear nothing! Kenji
6%
You step, I stomp. Fair warning! Mina
6%
*Bell rattles* Mr. P
6%
I'm so happy! Nani
6%
Hee hee hee! Penny
6%
*giggles* Squeak
6%
Oohoo-hoo ooh! Tara
6%
Forward march! Trunk
6%
Unlucky! Meeple
0%
Bruh, I'm off my game today. Ollie
0%
Time to slow down. Sandy
0%
No matching quizzes found
Score Distribution
Percent of People with Each Score
Percentile by Number Answered
Your Score History
You have not taken this quiz